Football - Tous les surnoms de Kolo Muani - Statistiques

Statistiques générales
  • Ce quiz a été pris 1 269 fois
  • Le résultat moyen est 3 sur 20
Statistiques - réponses
Indices / Synonymes Réponse % Correct
Son vrai prénom et nom Randal Kolo Muani
96%
Trois pays africains Rwanda Congo Mali
82%
Chaussures d'été - Nuance - Parfum de glace Sandales Couleur Vanille
29%
Son prénom - Chanteur Français qui a eut un cancer Randal Florent Pagny
21%
Chaussures d'été - Légume long et blanc - Pourri Sandales Poireau Moisi
16%
Excrément - Sous vêtement - Pourrie Caca Culotte Moisie
11%
Trois marques de Soda Fanta Coca Oasis
6%
Abbréviation de "Rentabiliser la location" - Hobby Renta La Loc Loisir
5%
Anus - Examen visuel du côlon Trou De Balle Coloscopie
5%
Bâtonnets de poulet - Viande de la poule - Mauvaise cuisson Tenders Poulet Mal Cuit
3%
Mélange d'Aliment / Légume - Partie de l'Intestin - Capitale de la France Salade Colon Paris
2%
Virement de la CAF - La deuxième partie de son vrai nom Allocations Muani
1%
Imbécile - Barre - Fantastique Andouille Barreau Magique
1%
Fruit - Deux Parfum de glace Banane Chocolat Vanille
1%
Trois clubs français de Ligue 2 et National 1 Laval Sochaux Annecy
1%
Plante qui sent bon - Arôme d'excrément Lavande Odeur Merdique
1%
Son vrai prénom - Vêtements des Pieds pour la montagne Randal Chaussettes De Ski
1%
Chaussures d'été - Transpiration - Epuisement Sandales Sueur Fatigue
1%
Expression : "Donne l'argent frérot" Rends La Monnaie Akhy
0%
Crise - Vivre à plusieurs - Maladif Scandale Colocation Morbide
0%
Aucun quiz correspondant
Distribution des résultats
% des personnes avec chaque résultat
Percentile par nombre de réponses
Votre historique - résultats
Vous n’avez pas pris ce quiz